000 00220 a2200097 4500
001 3968
100 _aBeer,F.P
245 _aVector mech for engg statistics & dynamics
260 _a
_bMcgrawhill
_c
090 _c3197
_d3197
942 _aNUST-CAE
_cM
_c24413
999 _c239041
_d239041